00729nam a2200241 a 4500001001300000003000900013005001700022008004100039020002400080082001700104100001500121245007000136260004100206300000900247500003500256505001000291650001900301700001500320902000800335942000700343952012000350999001700470nice12345678IN_TiNIC20260116014502.0070322s2006 newa grp 000 0 eng  a0761934200 c170000a320.954bMEH aMehta, V R aHistory of Science, Philosophy and Culture in Indian Civilization aNew Delhi bSage Publications c2006 a481p aincludes index and biblioraphy2 aIndex aPolitics-India1 aMehta, V R bSRS cBK 001040708StackRoom-aHMIbHMId2007-03-22g1700.00l0o320.954 MEHp022000r2007-03-22v1700.00w2007-03-22yBK c15562d15562